| 000 | 00471nam a2200181Ia 4500 | ||
|---|---|---|---|
| 003 | GCL | ||
| 008 | 140319s9999 xx 000 0 eng d | ||
| 040 |
_aGCL / _cGCL |
||
| 082 | 0 | 4 |
_a641.5 _bS S |
| 100 | 1 | _aSUNSET BOOKS | |
| 245 | 1 | 0 |
_aSUNSET: GOOD COOK S HANDBOOK / _cSUNSET BOOKS |
| 700 | 1 | _aSUNSET MAGAZINE | |
| 260 |
_a[S.N] : _bLANE PUBLISHING CO. ، _c1988 |
||
| 300 | _a112 PP | ||
| 650 | 0 | 4 | _aتقوية الذاكرة |
| 650 | 0 | 4 | _aCOOKERY |
| 942 |
_2ddc _cBK |
||
| 999 |
_c16669 _d16669 |
||